| 000 | 00884nam a2200205 i 4500 | ||
|---|---|---|---|
| 001 | 183322 | ||
| 003 | ES-MaACL | ||
| 005 | 20250809020504.0 | ||
| 008 | 140319s1874 sp |||| | spa d | ||
| 245 | 0 | 0 | _aColección de leyes, decretos, reglamentos, órdenes y circulares de interés general del Ministerio de la Gobernación desde la proclamación de la República en 11 de febrero de 1873 hasta 31 de diciembre del mismo año, y apéndice que comprende los meses de enero y febrero de 1874. |
| 260 |
_aMadrid : _b[s.n.], _c1874 ( _fImp. Nacional) |
||
| 300 |
_a419 p. ; _c22 cm. |
||
| 650 | 4 |
_aDerecho- _zEspaña- _yS.XIX _911618 |
|
| 650 | 7 |
_aDerecho- _zEspaña _2 _9141531 |
|
| 650 | 4 |
_aRépublica- _zEspaña. _9142785 |
|
| 710 | 1 |
_aEspaña. _bMinisterio de Gobernación. _93872 |
|
| 852 |
_aES-MaACL _jG-3791 |
||
| 852 |
_aES-MaACL _jG-12584 |
||
| 999 |
_c183322 _d183322 |
||